Catálogo
 En Linea

Recordando a Peña / (Registro nro. 44636)

Detalles MARC
000 -CABECERA
campo de control de longitud fija 00591nam a2200181 a 4500
001 - NÚMERO DE CONTROL
campo de control 000045147
005 - FECHA Y HORA DE LA ÚLTIMA TRANSACCIÓN
campo de control 20201002045922.0
008 - DATOS DE LONGITUD FIJA--INFORMACIÓN GENERAL
campo de control de longitud fija 150205s2006 dr 000 0 spa d
020 ## - NÚMERO INTERNACIONAL ESTÁNDAR DEL LIBRO
Número Internacional Estándar del Libro 9945405357
040 ## - FUENTE DE LA CATALOGACIÓN
Centro catalogador/agencia de origen DO-SdBNP
Lengua de catalogación spa
Centro/agencia transcriptor BNPHU
082 ## - NÚMERO DE LA CLASIFICACIÓN DECIMAL DEWEY
Número de clasificación xxxxx
Número de documento/Ítem xxxxx
100 1# - ENTRADA PRINCIPAL--NOMBRE DE PERSONA
Nombre de persona Cabral de Peña Gómez, Peggy,
Fechas asociadas al nombre 1947-
9 (RLIN) 73167
245 10 - MENCIÓN DE TÍTULO
Título Recordando a Peña /
Mención de responsabilidad, etc. Peggy Cabral de Peña Gómez.
260 ## - PUBLICACIÓN, DISTRIBUCIÓN, ETC.
Lugar de publicación, distribución, etc. Santo Domingo :
Nombre del editor, distribuidor, etc. Manatí,
Fecha de publicación, distribución, etc. 2006.
300 ## - DESCRIPCIÓN FÍSICA
Extensión 370 p. ;
Dimensiones 23 cm.
500 ## - NOTA GENERAL
Nota general Incluye índice onomástico
500 ## - NOTA GENERAL
Nota general Incluye datos biográficos de la autora en la solapa de la cubierta
Existencias
Estado de retiro Estado de pérdida No para préstamo Código de colección Localización permanente Ubicación/localización actual Ubicación en estantería Fecha de adquisición Número de inventario Total de préstamos Signatura topográfica completa Código de barras Fecha visto por última vez Precio válido a partir de Tipo de ítem Koha
    Excluido de préstamo Patrimonio Dominicano Patrimonio Dominicano Patrimonio Dominicano Depósito 05.02.2015 LF1   xxxxx xxxxx 45147-10 25.06.2020 25.06.2020 Libro y Folleto Colección Patrimonio Dominicano

Con tecnología Koha